Datum a čas kvízu
30.5
Celkem bodů
Celkový počet nahraných bodů na tomto kvízu bez doplňovacích otázek.
2.
Pořadí na kvízu
Konečné umístění týmu na tomto kvízu.
Zaznamenané odpovědi
| # | Otázka | Odpověď | Body | Výsledky |
|---|---|---|---|---|
| 1. | Bývalého ředitele jedné pražsk... | 0 | ||
| 2. | Organizátoři soutěže Miss se r... | 0 | ||
| 3. | Herec Václav Postránecký musel... | 0 | ||
| 4. | Italský módní dům Versace bude... | 0 | ||
| 5. | Anglická Premier League viděla... | 0 | ||
| 6. | Minulý týden uplynulo 80 let o... | 1 | ||
| 7. | Které z těchto sídel se nenach... | 0 | ||
| 8. | Winston Churchill po podepsání... | 1 | ||
| 9. | Německo nebylo jediným státem,... | 1 | ||
| 10. | Otázku, zda se Československo... | 0 |